Personnalités nées dans le Cher par images - Statistiques

Statistiques générales
  • Ce quiz a été pris 34 fois
  • Le résultat moyen est 2 sur 9
Statistiques - réponses
Par images Réponse % Correct
Julian Alaphilippe
91%
Louis XI
56%
Bernard Diomède
50%
Jacques Coeur
19%
Laurent Bignolas
13%
Jean-Christophe Rufin
9%
Florent Marchet
3%
Berthe Morisot
0%
Louis Moinet
0%
Aucun quiz correspondant
Distribution des résultats
% des personnes avec chaque résultat
Percentile par nombre de réponses
Votre historique - résultats
Vous n’avez pas pris ce quiz